000 00172nam a2200073Ia 4500
008 170524s9999 xx 000 0 und d
100 _aSharma Seema
245 0 _aJOURNALISM REPORTING
260 _bANMOL PUB.
999 _c9104
_d9104